Estudio de Pre-Factibilidad de la construcción de un reservorio y su sistema de abastecimiento de agua, con fines de riego, para la producción de caña de Azúcar en Finca Rosario - San Diego Ingenio Montelimar
El trabajo de investigación presenta un estudio de Pre-Factibilidad de la construcción de un reservorio y su sistema de abastecimiento de agua, con fines de riego, para la producción de caña de Azúcar en Finca Rosario - San Diego Ingenio Montelimar. El proyecto está situado en el área rural c...
| Main Authors: | , |
|---|---|
| Other Authors: | |
| Format: | Tesis Section = Libro |
| Language: | Undetermined Spanish |
| Published: |
Managua
UNI
2019
|
| Subjects: |
| LEADER | 01758nam a2200289Ia 4500 | ||
|---|---|---|---|
| 008 | 240830s9999 xx 000 0 und d | ||
| 040 | |a BIBLIOTECA-RUSB/ M.Mon 658.404 A472 | ||
| 041 | |a spa | ||
| 082 | |a M.Mon 658.404 A472 | ||
| 100 | 1 | |a Alvarado Aguirre, Milton Javier | |
| 100 | 1 | |b Laguna Mendoza, Richard Jamil | |
| 245 | 1 | 0 | |a Estudio de Pre-Factibilidad de la construcción de un reservorio y su sistema de abastecimiento de agua, con fines de riego, para la producción de caña de Azúcar en Finca Rosario - San Diego Ingenio Montelimar |
| 260 | |a Managua |b UNI |c 2019 | ||
| 300 | |a 80 p. :il. | ||
| 500 | |a Contiene: anexos y CD. | ||
| 502 | |a Tesis (Master en Gerencia de Proyectos de Desarrollo.) - UNI, 2019. | ||
| 520 | 3 | |a El trabajo de investigación presenta un estudio de Pre-Factibilidad de la construcción de un reservorio y su sistema de abastecimiento de agua, con fines de riego, para la producción de caña de Azúcar en Finca Rosario - San Diego Ingenio Montelimar. El proyecto está situado en el área rural correspondiente al municipio de Villa el Carmen, Departamento Managua, en Fincas Rosario-San Diego, propiedades que pertenecen a la empresa azucarera (ingenio Montelimar). El área se encuentra a una distancia de 1400 m, donde se establecerá la estación de bombeo hasta el lugar de abastecimiento donde estará ubicado el reservorio. | |
| 650 | 7 | |a ADMINISTRACION DE PROYECTOS | |
| 650 | 7 | |b ESTUDIOS DE FACTIBILIDAD | |
| 650 | 7 | |c ESTUDIO DE MERCADO | |
| 650 | 7 | |d EVALUACION FINANCIERA | |
| 650 | 7 | |e EVALUACION ECONOMICA | |
| 650 | 7 | |f SISTEMAS DE ABASTECIOMIENTO DE AGUA-RESERVORIO-PROYECTOS | |
| 700 | 1 | |a Tutor: |b Aguilera López, Roberto José | |
| 942 | |c BK |2 ddc | ||
| 991 | |a TESIS | ||
| 999 | |c 19427 | ||